La deuda externa y el desarrollo económico de América Latina: antecedentes y perspectivas
Gespeichert in:
| Körperschaft: | |
|---|---|
| Format: | Text |
| Veröffentlicht: |
Washington D.C.:
BID
|
| Tags: |
Tag hinzufügen
Keine Tags, Fügen Sie den ersten Tag hinzu!
|
MARC
| LEADER | 00000 a a2200000 04500 | ||
|---|---|---|---|
| 001 | 23237 | ||
| 003 | |||
| 040 | |||
| 090 | |a 160800 | ||
| 110 | |a Banco Interamericano de Desarrollo | ||
| 245 | |a La deuda externa y el desarrollo económico de América Latina: antecedentes y perspectivas | ||
| 260 | |a Washington D.C.: |b BID | ||
| 300 | |a 229 p. |b **no definido** | ||
| 999 | |c 9018 |d 9018 | ||
